000 00882cam a2200301 a 4500
999 _c10272
_d10272
001 16541408
003 GZU
005 20211130115954.0
008 101117s2010 sa 000 0 eng
010 _a 2010511384
020 _a9780143026815
020 _a014302681X
035 _a(OCoLC)ocn670420541
040 _aOI@
_cOI@
_dDLC
042 _alccopycat
043 _af------
050 0 0 _aHD57.7
_b.RUK 2010
100 1 _aRukuni, Mandivamba.
_eauthor
245 1 0 _aLeading Afrika /
_cMandivamba Rukuni.
246 3 _aLeading Africa
260 _aJohannesburg :
_bPenguin Books,
_c2010.
300 _a199 pages. ;
_c20 cm.
500 _aOriginally published: Mandala Publishers, 2009.
650 0 _aLeadership
_zAfrica.
906 _a7
_bcbc
_ccopycat
_d3
_encip
_f20
_gy-gencatlg
942 _2lcc
_cBK
_h57.7
_iRUK
_kHD